Prezydenci USA XX i XXI wieku - zdjęcia - Statystyki

Ogólne statystyki
  • Ten quiz został rozwiązany 370 razy
  • Średni wynik to 14 z 22
Statystyki odpowiedzi
Obrazkowy Hint Odpowiedź % Poprawnych
2009 - 2017 Barack Obama
98%
2017 - 2021 Donald Trump
96%
2021 - Joe Biden
91%
1961 - 1963 John F. Kennedy
91%
1981 - 1989 Ronald Reagan
90%
2001 - 2009 George W. Bush
87%
1993 - 2001 Bill Clinton
80%
1969 - 1974 Richard Nixon
79%
1933 - 1945 Franklin D. Roosevelt
75%
1989 - 1993 George H.W. Bush
73%
1945 - 1953 Harry S. Truman
73%
1953 - 1961 Dwight Eisenhower
69%
1977 - 1981 Jimmy Carter
65%
1974 - 1977 Gerald Ford
54%
1913 - 1921 Thomas Woodrow Wilson
54%
1901 - 1909 Theodore Roosevelt
52%
1963 - 1969 Lyndon B. Johnson
46%
1929 - 1933 Herbert Hoover
35%
1987 - 1901 William McKinley
22%
1923 - 1929 John Calvin Coolidge
21%
1909 - 1913 William Taft
21%
1921 - 1923 Warren Harding
19%
Nie znaleziono quizów pasujących do podanych kryteriów
Rozkład punktacji
Procent ludzi z każdym wynikiem
Percentyl według liczby udzielonych odpowiedzi
Twoja historia wyników
Nie rozwiązałeś tego quizu